000 00723nam a2200229 a 4500
008 951214s1988||||[C 0 slo c
020 _c21 Kčs.
_q(5000 výtl.)
040 _aSNK
_bslo
_cSNK
_eAACR2
041 1 _aslo
_hslo
044 _axo
_cSK
080 _a885.4-3
100 1 _aMoravčík, Štefan
_d1943-
_4aut
245 1 0 _aSedláci
_b(Próza nás hriešnych)
_cŠtefan Moravčík ; Bohumil Bača, Pavol Blažo
250 _a1., vyd.
260 _aBratislava
_bSmena
_c1988
_eMartin
_fTlačiarne SNP
300 _a197 s., 10,59 AH
_c19 cm
490 0 _aErb
_vZv. 47.
500 _aRozlož. ilustr. tit. list. Ilustr. na front.
700 1 _aBača, Bohumil
_d1943-
_4bkd
700 1 _aBlažo, Pavol
_4bkd
958 _aA
999 _c12240
_d12240